00797nam a2200193 a 450000100100000000500170001000800410002702000150006804000250008308200200010810000310012824501070015926000980026630000270036450000700039165000370046165000270049871000780052500000427420240412074202.0090721s2005 dr a r 000 0 spa d a9993494690 aDO-SdBNPbspacBNPHU aRD861.44bR696m1 aRodríguez, Sally,d1957-10aMilagro de jueves :bantología poética del taller literario del centro (TLC) /cSally Rodríguez. aSan Francisco de Macorís, República Dominicana :bÁngeles de Fierro :bNacional,c2005. a42 p. :bil. ;c19 cm. aIncluye datos biográficos del autor en la solapa de la cubierta 4aPoesía dominicanaxColecciones 0aLiteratura dominicana.12aTaller Literario del Centro Cultural de Santiago (República Dominicana)